|
|
|
|
| LEADER |
00686nta a2200181 i 4500 |
| 001 |
dipl143679 |
| 005 |
20250402093905.0 |
| 008 |
241213s2006 hu om 000 hun d |
| 040 |
|
|
|a SZTE Diploma Repozitórium
|b hun
|
| 041 |
|
|
|a hun
|
| 100 |
2 |
|
|a Nemes Nagy Anna
|
| 245 |
1 |
2 |
|a A Tisza múltja és jelene
|h [elektronikus dokumentum] :
|b a folyó élete az ártéri gazdálkodástól napjainkig /
|c Anna Nemes Nagy
|
| 260 |
|
|
|c 2006
|
| 650 |
|
4 |
|a Bölcsészettudományok
|
| 650 |
|
4 |
|a History
|
| 650 |
|
4 |
|a Social, economic, cultural and political history
|
| 700 |
0 |
1 |
|a Marjanucz László
|e ths
|
| 856 |
4 |
0 |
|u https://diploma.bibl.u-szeged.hu/id/eprint/143679/1/2006_nemes_nagy_anna.pdf
|z Dokumentum-elérés
|